000 00632nam a22002177a 4500
003 UA-OsUOA
001 101641
007 ta
008 20130704b un ||||| |||| 00| 0 ukr d
100 _aФедоренко А.В.
090 _a330(477)
_bФ33
942 _cSA
040 _aUA-OsUOA
_bukr
_cUA-OsUOA
_dUA-OsUOA
245 _aПитання оподаткування операцій із цінними паперами
300 _aС.58-72
955 _a0
041 _aukr
080 _a330(477)
773 0 _w101637
_tФінанси України
_dК.
_d2012
_g11
650 7 _a330 Економіка взагалі
_2UDC
999 _c387816
_d387816